Southville International School and Colleges
Your cart is empty.
  • Cart
  • Lists
    Public lists list_1 View all
    Your lists Log in to create your own lists
  • Log in to your account
  • Your cookies
  • Search history
Southville International School and Colleges
  • Advanced search
  • Recent comments
  • Most popular
  • Libraries

Log in to your account

Log in with GOOGLE


If you do not have an external account, but do have a local account, you can still log in:

  1. Home
  2. MARC view: Click! :
Normal view MARC view ISBD view

Click! : (Record no. 103349)

[ view plain ]
MARC details
000 -LEADER
fixed length control field 00537nam a2200169 a 4500
005 - DATE AND TIME OF LATEST TRANSACTION
control field 20140412111300.0
008 - FIXED-LENGTH DATA ELEMENTS--GENERAL INFORMATION
fixed length control field 010327s19uu xx 00 eng d
020 ## - INTERNATIONAL STANDARD BOOK NUMBER
International Standard Book Number 0-684-83215-1
050 ## - LIBRARY OF CONGRESS CALL NUMBER
Classification number M 006.6
Item number B86 1997
100 ## - MAIN ENTRY--PERSONAL NAME
Personal name Bundensen, Lynne
245 ## - TITLE STATEMENT
Title Click! :
Remainder of title 101 computer activities and art projects for kids and grown-up /
Statement of responsibility, etc Lynne Bundensen ; Kristin Marks and Hannah Hoel.
260 ## - PUBLICATION, DISTRIBUTION, ETC. (IMPRINT)
Place of publication, distribution, etc New York :
Name of publisher, distributor, etc Fireside,
Date of publication, distribution, etc 1997.
300 ## - PHYSICAL DESCRIPTION
Extent 254 p. ; ill.
650 ## - SUBJECT ADDED ENTRY--TOPICAL TERM
Topical term or geographic name as entry element Computer graphics
650 ## - SUBJECT ADDED ENTRY--TOPICAL TERM
Topical term or geographic name as entry element Computer art
Holdings
Withdrawn status Lost status Damaged status Home library Current library Shelving location Date acquired Source of acquisition Total Checkouts Full call number Barcode Date last seen Price effective from Koha item type
      Elizalde Library Elizalde Library Main Section 03/27/2001     M 006.6 B86 1997 E4563 04/12/2014 04/12/2014 Books

Click! :

APA

Bundensen L., . (1997). Click!. New York: Fireside.

Chicago

Bundensen Lynne, . 1997. Click!. New York: Fireside.

Harvard

Bundensen L., . (1997). Click!. New York: Fireside.

MLA

Bundensen Lynne, . Click!. New York: Fireside. 1997.

  • Place hold
  • Print
  • Cite
  • Add to your cart (remove)
  • Save record
    BIBTEX Dublin Core MARCXML MARC (non-Unicode/MARC-8) MARC (Unicode/UTF-8) MARC (Unicode/UTF-8, Standard) MODS (XML) RIS
  • More searches
    Search for this title in:
    Other Libraries (WorldCat) Other Databases (Google Scholar) Online Stores (Bookfinder.com) Open Library (openlibrary.org)

Exporting to Dublin Core...

SOUTHVILLE LIBRARY

Southville International School and Colleges Library

1281 Tropical Ave. Cor. Luxembourg St., BF Homes International, Las Pinas City

Tel. No. 8256374 / 252358 Loc. 117/146

Powered by Koha